00567 2200205 4500001002100000005001500021035002000036007000300056008004100059020001800100082001400118084002000132100002200152245006200174250001000236260006200246300003300308990001000341990001000351INLIS00000000000769620210325020046 a0010-0321001066ta210325 g | ind  a9786029228021 aR.959.802 aR.959.802 DRS p0 aDrs.Akhmad Elvian1 aPerang Bangka Tahun 1812-1851 Masehi /cDrs.Akhmad Elvian acet.1 bDinas Kebudayaan dan Pariwisata Kota Pangkalpinang,c2012 axii, 161 hal ;c14,8 x 21 cm a4030a a4030b